LEADER 01059nam--2200361---450- 001 990001727270203316 005 20080808082214.0 035 $a000172727 035 $aUSA01000172727 035 $a(ALEPH)000172727USA01 035 $a000172727 100 $a20040604d1962----km-y0itay50------ba 101 0 $aita 102 $aIT 105 $ay|||z|||001yy 200 1 $a<>educazione sessuale$eorientamenti per i genitori$fLuisa Levi 210 $aRoma$cEditori Riuniti$d1962 215 $a188 p.$d19 cm 225 2 $aEnciclopedia tascabile 410 0$12001$aEnciclopedia tascabile 606 0 $aEducazione sessuale 676 $a613.95 700 1$aLEVI,$bLuisa$0218166 801 0$aIT$bsalbc$gISBD 912 $a990001727270203316 951 $aII.4. 3149(VI ps D 145)$b13484 L.M.$cII.4.$d00166629 959 $aBK 969 $aUMA 979 $aSIAV5$b10$c20040604$lUSA01$h1423 979 $aCOPAT5$b90$c20051018$lUSA01$h1342 979 $aANNAMARIA$b90$c20080808$lUSA01$h0822 996 $aEducazione sessuale$9601452 997 $aUNISA LEADER 01082nas 2200385 c 450 001 9910894181203321 005 20260218110932.0 035 $a(CKB)5280000000204398 035 $a(DE-599)ZDB2938519-2 035 $a(DE-101)1164166026 035 $a(DE-599)2938519-2 035 $a(EXLCZ)995280000000204398 100 $a20180809b19972012 |y | 101 0 $aeng 135 $aur||||||||||| 181 $ctxt$2rdacontent 182 $cc$2rdamedia 183 $acr$2rdacarrier 200 00$a˜Theœ victimologist$enewsletter of the World Society of Victimology 210 31$aAdelaide SA $cWorld Society of Victimology$d[1997-2012?] 215 $aOnline-Ressource 300 $aGesehen am 09. August 2018 517 $aVictimologist, The 608 $aZeitschrift$2gnd-content 676 $a340 686 $a2,1$2ssgn 686 $aKRIM$qDE-21$2fid 712 02$aWorld Society of Victimology$4isb 801 0$b0355 801 1$bDE-101 801 2$b9001 906 $aJOURNAL 912 $a9910894181203321 996 $aVictimologist$92243772 997 $aUNINA